Statistiken für Logos einfach

Klicken Sie hier um das Quiz zu spielen!

Allgemein

  • Dieses Quiz wurde 5.348 mal gespielt
  • Das Durchschnittsergebnis liegt bei 14 aus 16

Antwortstatistiken

Antwort% Korrekt
BMW
100%
Apple
99%
Adidas
98%
Nike
94%
Red Bull
93%
Mc Donalds
91%
JBL
90%
Shell
88%
Wikipedia
87%
Amazon
86%
Audi
82%
Youtube
80%
Google
73%
NBA
73%
Xbox
73%
Jetpunk
53%

Verteilung der Resultate

Perzentil nach korrekt beantworteten Fragen

Anzahl Personen mit jedem Resultat

Ihre Resultats-Entwicklung

Sie haben dieses Quiz noch nicht gespielt